| 000 | 03651nam a2200457 i 4500 | ||
|---|---|---|---|
| 001 | xb21726577 | ||
| 006 | m d | ||
| 007 | cr n | ||
| 008 | 150129t20142014enka sb 000 0 eng d | ||
| 020 |
_a9781909254565 _q(pdf) |
||
| 020 |
_a9781909254572 _q(epub) |
||
| 020 |
_a9781909254589 _q(mobi) |
||
| 020 | _z9781909254541 (Paperback) | ||
| 020 | _z9781909254558 (Hardback) | ||
| 035 | _a(OCoLC)900407883 | ||
| 040 |
_aStSaUL _beng _erda |
||
| 043 | _ae-no--- | ||
| 100 | 1 |
_aKyllingstad, Jon Røyne, _eauthor. |
|
| 245 | 1 | 0 |
_aMeasuring the master race _h[electronic resource] : _bphysical anthropology in Norway, 1890-1945 / _cJon Røyne Kyllingstad. |
| 264 | 1 | _bOpen Book Publishers, | |
| 300 |
_a1 online resource (xxii, 248 pages) : _billustrations. |
||
| 500 | _aA reworked and expanded English version of the original Norwegian: Kortskaller og langskaller : fysisk antropologi i Norge og striden om det nordiske herremennesket. Oslo : SAP, 2004. | ||
| 500 | _aAvailable through Open Book Publishers. | ||
| 504 | _aIncludes bibliography (pages 233-247). | ||
| 505 | 0 | _aList of illustrations -- Foreword -- Introduction -- 1. The origin of the long-skulled Germanic race -- 2. The Germanic race and Norwegian nationalism -- 3. The Germanic race and Norwegian anthropology, 1880-1910 -- 4. Norwegian nationhood and the Germanic race, 1890-1910 -- 5. Racial hygiene and the Nordic race, 1900-1933 -- 6. Halfdan Bryn and the Nordic race -- 7. The Schreiners and the science of race -- 8. From collaboration to conflict : the racial survey of 1923-1929 -- 9. Science and ideology, 1925-1945 -- 10. The fall of the Nordic master race -- Selected bibliography -- Index. | |
| 506 | _aOpen access resource providing free access. | ||
| 520 | _a"The notion of a superior 'Germanic' or 'Nordic' race was a central theme in the ideology of the Nazis. But it was also a commonly accepted idea in the early twentieth century, and an actual scientific concept originating from anthropological research on the physical characteristics of Europeans. The Scandinavian Peninsula was considered to be the historical cradle and the core area of this 'master race'. This book investigates the role played by Scandinavian scholars in inventing this so-called superior race, and discusses how this concept put its stamp on Norwegian physical anthropology, prehistory, national identity, and on the Norwegian eugenics movement. It also explores the decline and scientific disputation of these ideas in the 1930s as they came to be associated with the 'genetic cleansing' of Nazi Germany. This is the first comprehensive study on Norwegian physical anthropology, and its findings shed new light on current political and scientific debates about race across the globe."--Publisher's website. | ||
| 538 | _aMode of access: World Wide Web. | ||
| 540 | _aThis work is licensed under a Creative Commons Attribution 4.0 International license (CC BY 4.0). For more detailed information consult the publisher's website. | ||
| 650 | 0 |
_aAnthropometry _zNorway _xHistory. |
|
| 650 | 0 |
_aCraniometry _zNorway _xHistory. |
|
| 650 | 0 |
_aPhysical anthropology _zNorway _xHistory. |
|
| 700 | 1 | 2 |
_aKyllingstad, Jon Røyne. _tKortskaller og langskaller. _lEnglish. |
| 710 | 2 |
_aOpen Book Publishers, _epublisher. |
|
| 856 | 4 | 0 |
_uhttp://doi.org/10.11647/OBP.0051 _zConnect to e-book |
| 856 | 4 | 2 |
_uhttp://www.openbookpublishers.com/shopimages/products/cover/123 _zConnect to cover image |
| 999 |
_c29181 _d29181 |
||